00441nam a2200157Ia 4500008004100000082001000041100001900051245004200070250000600112260003500118300000800153600001900161630004200180700001900222730004200241090124s9999 xx 000 0 und d b35409 aDUNLOP FRANCIS aTHE EDUCATION OF FEELING AND EMOTION  a1 bGEORGE ALLEN & UNWIN LTDc1984 a129 aDUNLOP FRANCIS aTHE EDUCATION OF FEELING AND EMOTION  aDUNLOP FRANCIS aTHE EDUCATION OF FEELING AND EMOTION